00478nam a2200181 a 4500001001300000003000900013005001700022008004100039020001000080082001800090100002200108245003700130260004400167300000900211500003500220650001900255700002200274nice12345678IN_TiNIC20260116013251.0070829s1983 newa grp 000 0 eng  ac60000a750.0954bKRA aKramrisch, Stella aSurvey of Painting in the Deccan aNew DelhibOriental Books Reprintc1983 a234p aincludes index and biblioraphy aPainting-India1 aKramrisch, Stella